| 000 | 00354nam a2200133Ia 4500 | ||
|---|---|---|---|
| 005 | 20260328101509.0 | ||
| 008 | 260328s9999||||xx |||||||||||||| ||und|| | ||
| 100 | _aEvenson, Norma | ||
| 245 | 0 |
_aLe Corbusier : _b The machine and the Grand Design / _cNorma Evenson |
|
| 260 | _bGeorge Brazilier | ||
| 300 | _a128 p. | ||
| 650 | _aCorbusier, Le | ||
| 942 | _cBK | ||
| 999 |
_c9145 _d9145 |
||